Politica tarifaria aplicable al proyecto de riego Arenal-Tempisque
Guardat en:
| Autor principal: | |
|---|---|
| Format: | Desconegut |
| Publicat: |
[San José, Costa Rica]
1980
|
| Matèries: | |
| Etiquetes: |
Afegir etiqueta
Sense etiquetes, Sigues el primer a etiquetar aquest registre!
|
MARC
| LEADER | 00000 a2200000 4500 | ||
|---|---|---|---|
| 003 | 001115 | ||
| 005 | 20221231143739.0 | ||
| 008 | 140114s1980 c a m 000 ||s d | ||
| 040 | |c cru CEDI | ||
| 090 | |a TFG 925 | ||
| 100 | |a Rodríguez Azofeifa, José Enrique |9 16029 | ||
| 245 | |a Politica tarifaria aplicable al proyecto de riego Arenal-Tempisque | ||
| 260 | |c 1980 |a [San José, Costa Rica] | ||
| 300 | |a 72 hojas : ilustraciones ; 28 cm | ||
| 500 | |a Tesis (ingeniero civil)--Universidad de Costa Rica. | ||
| 650 | |x PROYECTO DE RIEGO ARENAL-TEMPISQUE (COSTA RICA) |x RIEGO - TARIFAS - COSTA RICA |9 16030 | ||
| 942 | |c TFG | ||
| 999 | |c 11201 |d 11201 | ||
